000 00298nam a22001217a 4500
008 170707b xxu||||| |||| 00| 0 eng d
041 _aALB
080 _a82
100 _a22
101 _aGJL
245 _aPROVERBA TE SHQIPRISW TE GJUHVE TE HUAJA NEOLATINE
_cRAMADANI.R.H
942 _2udc
_cBK
999 _c20047
_d20047